000 01836cam a22004934i 4500
003 PE-LiUPU
005 20250731173503.0
008 150616s r 000 0 d
020 _a0802806058
035 _a(Sirsi) i9780802806055
040 _aPE-LiUPU
_bspa
_cPE-LiUPU
_erda
049 _aPRUA
082 0 4 _b
_221
100 1 _aFarrar Capon, Robert,
_eautor.
245 1 4 _aThe Parables of the Kingdom.
264 1 _aGrand Rapids, Michigan :
_bW.B.Eerdmans Publishing Company,
_c1993.
300 _a174 páginas ;
_c21 centímetros
336 _atext
_2rdacontent
337 _aunmediated
_2rdamedia
338 _avolume
_2rdacarrier
505 0 _aParables and the Paradox of Power -- The Parables of the Kingdom. Parable.
526 _aSEG42
526 _aSEG41
526 _aSEG40
526 _aSEG39
526 _aP94
526 _aP87
526 _aP86
526 _aP85
526 _aP77
526 _aP76
526 _aP35
650 0 4 _aPARABOLAS BIBLICAS.
_91498
910 _ajck
_bjvq
_cjck
942 _2ddc
_cBOOK
949 _a226.80663 F23
_wDEWEY
_c1
_i44468
_lCCODEBUL1
_mBUL
_r0
_sY
_tBOOK
_u2015-4-23
_xTEOLOGIA
_zUNKNOWN
_0COMPRA
_o.STAFF. Colección General
949 _a226.80663 F23
_wDEWEY
_c2
_i40358
_lCCODEBUL1
_mBUL
_r0
_sY
_tBOOK
_u2015-6-16
_xTEOLOGIA
_zUNKNOWN
_0COMPRA
_o.STAFF. Colección General
994 _aC0
_bPEPRU
596 _a1
999 _a226.80663 F23
_wDEWEY
_c58164
_i44468
_f2021-11-9
_g5
_lCCODEBUL1
_mBUL
_r0
_sY
_tBOOK
_u2015-4-23
_xTEOLOGIA
_zUNKNOWN
_0COMPRA
_o.STAFF. Colección General
_d58164
999 _a226.80663 F23
_wDEWEY
_c2
_i40358
_f2021-11-9
_g5
_lCCODEBUL1
_mBUL
_r0
_sY
_tBOOK
_u2015-6-16
_xTEOLOGIA
_zUNKNOWN
_0COMPRA
_o.STAFF. Colección General
980 _81
_gALBERTO SANCHEZ Responsable de Automatización